00325 a2200133 450000100060000002000060000604000220001210000160003424000350005024500300008530000080011536200090012365000590013261041 a  cAnchieta - Pituba aMoura, Anya10aUFBA vestibular 2012-2013lpor10aUFBA vestibular 2012-2013 a3100 a2011 4a. Vestibulares / Exames de admissão em universidades